000 00471nam a22001937a 4500
003 MPLRDC
005 20220104185826.0
008 210129b ||||| |||| 00| 0 eng d
020 _a957-33-2684-7
082 _a848.2 HWY v.14
100 _a侯文咏
245 _a不乖
_c
250 _a初版四刷
260 _a台湾
_b皇冠文化出版有限公司
_c2010
300 _b
490 _a皇冠丛书
650 _a现代别集
942 _cBK
_o848.2 HWY v.14
999 _c63503
_d63493